000
00200nam a22001097a 4500
020
_a
9789351869108
082
_a
890
100
_a
PATEL, SURAJ
245
_a
RAKSHAK RAM
300
_a
184P
942
_c
BK
999
_c
2686
_d
2686